000 00461nam a2200181Ia 4500
001 18880
005 20260306171703.0
008 260306s9999||||xx |||||||||||||| ||und||
041 _aESP
082 _a658.54
_bC92
100 _aCruelles Agustín, José
_eAUT
245 0 _aStocks, procesos y dirección de operaciones:
_b: conoce y gestiona tu fábrica
260 _c2013
300 _a
_c
650 _aGEN
654 _aCAN
942 _cLIB
_dJUS
_fJUS
_2ddc
_n
999 _c18880
_d18880